Biblioteca

Estudio bíblico del Termino epithumia con referencia especial a Santiago 1:14 / Juan Carlos Martinez Ossa (Registro nro. 34305)

Detalles MARC
000 -LÍDER
Campo fijo de descripción fija 004110000a22001330004500
001 - NÚMERO DE CONTROL
Campo de control 3660
100 1# - ASIENTO PRINCIPAL--NOMBRE PERSONAL
Nombre personal Martínez Ossa, Juan Carlos
245 10 - TÍTULO
Título del Material Estudio bíblico del Termino epithumia con referencia especial a Santiago 1:14 / Juan Carlos Martinez Ossa
260 ## - PUBLICACIÓN, DISTRIBUCIÓN, ETC. (PIE DE IMPRENTA)
Lugar de publicación, distribución, etc. Medellín, Colombia
300 ## - DESCRIPCIÓN FÍSICA
Extensión 89 Pag
942 ## - TIPO DE MATERIAL (KOHA)
Tipo de Item KOHA Libros General
Existencias
Estado de Material Estado de Perdido Estado de Dañado No para Préstamo Colección Tomo Biblioteca de Origen Biblioteca Permanente Fecha de Adquisición Total de Préstamos Signatura Topográfica Código de Barras Última vez visto Ejemplar/Existencia Fecha de Remplazo Tipo de Material
        Trabajos de grado   Biblioteca FUSBC Biblioteca FUSBC 02/12/2004   T M3669e 11698 12/12/2019 1 26/01/2016 Trabajos de Grado

Biblioteca FUSBC | Teléfono: (57+4) 349 88 10 Ext. 141| WhatsApp (+57) 3005338115 
E-mail: biblioteca@unisbc.edu.co | Calle 76 87-14 Robledo Palenque, Medellín, Colombia

Con tecnología Koha